Sport Co: Les 10 derniers Champions de France - Statistiques

Statistiques générales
  • Ce quiz a été pris 135 fois
  • Le résultat moyen est 12 sur 21
Statistiques - réponses
Réponse % Correct
Paris SG
100%
Lille OSC
98%
Stade Toulousain
98%
AS Monaco
97%
Paris Basketball
87%
Paris Volley
87%
ASVEL Lyon-Villeurbanne
85%
ASM Clermont
73%
Montpellier HR
72%
Montpellier HSC VB
72%
Racing 92
60%
Castres Olympique
58%
Brûleurs de Loups de Grenoble
56%
Tours VB
44%
Dragons de Rouen
39%
AS Cannes
29%
Le Mans SB
27%
Elan Chalon
15%
Chaumont VB 52
12%
Rapaces de Gap
11%
Saint-Nazaire VBA
7%
Aucun quiz correspondant
Distribution des résultats
% des personnes avec chaque résultat
Percentile par nombre de réponses
Votre historique - résultats
Vous n’avez pas pris ce quiz